|
|
|
|
| LEADER |
00859nab a2200217 i 4500 |
| 001 |
acta1808 |
| 005 |
20210923152314.0 |
| 008 |
161015s2000 hu o 0|| fre d |
| 022 |
|
|
|a 0567-8099
|
| 040 |
|
|
|a SZTE Egyetemi Kiadványok Repozitórium
|b hun
|
| 041 |
|
|
|a fre
|
| 100 |
1 |
|
|a Csíky Gábor
|
| 245 |
1 |
3 |
|a Le meurtre au cceur de l'histoire
|h [elektronikus dokumentum] :
|b la figure de Napoléon dans les Mémoires d'outre-tombe de Chateaubriand /
|c Csíky Gábor
|
| 260 |
|
|
|c 2000
|
| 300 |
|
|
|a 57-67
|
| 490 |
0 |
|
|a Acta Universitatis Szegediensis de Attila József Nominatae : acta romanica
|v 20
|
| 650 |
|
4 |
|a Bölcsészettudományok
|
| 650 |
|
4 |
|a Nyelvek és irodalom
|
| 695 |
|
|
|a Francia irodalom - memoár - 18-19. sz.
|
| 700 |
0 |
1 |
|a Chateaubriand, François René de
|
| 856 |
4 |
0 |
|u http://acta.bibl.u-szeged.hu/1808/1/romanica_020_057-067.pdf
|z Dokumentum-elérés
|